Statistiche per Ricostruisci la Carriera del Calciatore - André Schürrle

Clicka qui per fare il quiz!

Statistiche generali

  • Questo quiz è stato fatto 3 volte
  • Il punteggio medio è 3 su 7

Statistiche sulle risposte

HintRisposta% Corretto
2009-2011 Magonza
100%
2011-2013 Bayer Leverkusen
50%
2016-2018 Borussia Dortmund
50%
2019-2020Spartak Mosca
50%
2015-2016 Wolfsburg
50%
2013-2015 Chelsea
0%
2018-2019Fulham
0%

Distribuzione punteggi

Percentile per numero di risposta

Percentuale di utenti per punteggio

I tuoi punteggi nel tempo

Non hai fatto questo quiz